Vista normal
Vista MARC
- Rodríguez Escanciano, Susana
Entrada Nombre de persona
Número de registros utilizados en: 1
001 - NÚMERO DE CONTROL
- campo de control: 360
003 - IDENTIFICADOR DEL NÚMERO DE CONTROL
- campo de control: ES-MaFIAP
005 - FECHA Y HORA DE LA ÚLTIMA TRANSACCIÓN
- campo de control: 20220923103027.0
008 - DATOS DE LONGITUD FIJA
- campo de control de longitud fija: 220923|| aca||aabn | a|a d
040 ## - FUENTE DE LA CATALOGACIÓN
- Centro catalogador/agencia de origen: ES-MaFIAP
- Centro/agencia transcriptor: ES-MaFIAP
100 ## - ENCABEZAMIENTO-NOMBRE DE PERSONA
- Nombre de persona: Rodríguez Escanciano, Susana
670 ## - FUENTE DE DATOS ENCONTRADOS
- Cita de la fuente: Work cat.: (ES-MaFIAP)107: Rodríguez Escanciano, Susana XX1174713, Un paso adelante en la protección de los derechos laborales de las personas con discapaciadad [Texto impreso] :, 2008





